|
|
|
|
| LEADER |
01536nam a2200253 a 4500 |
| 001 |
00023363 |
| 008 |
110823s2008 bg a 001 0 eng |
| 020 |
|
|
|a 9843000022839
|
| 040 |
|
|
|a BD-DhAAL
|c BD-DhAAL
|
| 082 |
0 |
0 |
|a 591.5492
|2 22
|
| 100 |
1 |
|
|a Khan, M. Monirul H.
|
| 245 |
1 |
0 |
|a Protected areas of Bangladesh :
|b a guide to wildlife /
|c M. Monirul H. Khan
|
| 260 |
|
|
|a Dhaka :
|b Nishorgo program, Bangladesh Forest Department,
|c c2008
|
| 300 |
|
|
|a 304 p. :
|b ill. (col.) ;
|c 23 cm.
|
| 541 |
|
|
|e 00023363
|
| 650 |
|
0 |
|a Zoology
|z Bangladesh.
|
| 650 |
|
0 |
|a Wildlife watching
|z Bangladesh
|v Guidebooks.
|
| 852 |
1 |
|
|a Ayesha Abed Library
|c General shelf.
|
| 999 |
|
|
|c 11218
|d 11218
|
| 952 |
|
|
|0 0
|1 0
|2 ddc
|4 0
|6 591_549200000000000_KHA
|7 0
|9 17915
|a BRACUL
|b BRACUL
|c GEN
|d 2011-08-25
|l 0
|o 591.5492 KHA
|p 3010023363
|r 2011-08-25
|t 1
|w 2011-08-25
|y BK
|x Available
|
| 952 |
|
|
|0 0
|1 0
|2 ddc
|4 0
|6 591_549200000000000_KHA
|7 0
|9 17916
|a BRACUL
|b BRACUL
|c GEN
|d 2011-08-25
|l 0
|o 591.5492 KHA
|p 3010023364
|r 2011-08-25
|t 2
|w 2011-08-25
|y BK
|x Available
|
| 952 |
|
|
|0 0
|1 0
|2 ddc
|4 0
|6 591_549200000000000_KHA
|7 0
|9 17917
|a BRACUL
|b BRACUL
|c GEN
|d 2011-08-25
|l 2
|o 591.5492 KHA
|p 3010023365
|r 2026-05-04
|s 2026-04-27
|t 3
|w 2011-08-25
|y BK
|x Available
|
| 952 |
|
|
|0 0
|1 0
|2 ddc
|4 0
|6 591_549200000000000_KHA
|7 0
|9 17918
|a BRACUL
|b BRACUL
|c GEN
|d 2011-08-25
|l 4
|m 29
|o 591.5492 KHA
|p 3010023366
|r 2016-12-12
|s 2016-12-08
|t 4
|w 2011-08-25
|y BK
|x Available
|
| 952 |
|
|
|0 0
|1 0
|2 ddc
|4 0
|6 591_549200000000000_KHA
|7 0
|9 17919
|a BRACUL
|b BRACUL
|c GEN
|d 2011-08-25
|l 2
|m 15
|o 591.5492 KHA
|p 3010023367
|r 2023-05-02
|s 2023-04-11
|t 5
|w 2011-08-25
|y BK
|x Available
|